[Event "DEM U12/U12w 2014"]
[Site "Magdeburg GER"]
[Date "2014.06.08"]
[Round "2"]
[White "Gauchel, Verena"]
[Black "Baltic, Fatih"]
[Result "0-1"]
[Termination "normal"]
[Board "27"]
[WhiteElo "1273"]
[BlackElo "1870"]
[PlyCount "120"]
[WhiteFideId "12988537"]
[BlackFideId "12979090"]
[EventCountry "GER"]
[EventRounds "11"]
[EventType "swiss"]
[EventDate "2014.06.07"]

1. d4 Nf6 2. Nf3 c5 3. c3 d5 4. Bf4 Nc6 5. h3 e6 6. e3 Be7 7. Nbd2 O-O 8. Be2
c4 9. O-O b5 10. Qc2 Nd7 11. e4 Nb6 12. b3 Bf6 13. e5 Be7 14. Nh2 Ba6 15. Ndf3
Rc8 16. Qd2 b4 17. bxc4 Bxc4 18. Bxc4 Nxc4 19. Qd3 Qa5 20. cxb4 Nxb4 21. Qb3
Na3 22. Rac1 Nbc2 23. Bd2 Qa6 24. Ng4 Rb8 25. Qc3 Bb4 26. Qb3 Bxd2 27. Nxd2
Rxb3 28. Nxb3 h5 29. Nh2 Rc8 30. Nc5 Qb6 31. Nb3 Rc4 32. Rfd1 a5 33. Nf3 a4 34.
Na1 Nxd4 35. Rxc4 Nxf3+ 36. gxf3 dxc4 37. Rc1 Qb2 38. Rd1 c3 39. Rd8+ Kh7 40.
Rd1 Nb1 41. Nb3 axb3 42. axb3 Qxb3 43. Rc1 c2 44. Kg2 Qb2 45. Re1 Qa1 46. Rc1
Na3 47. Rxa1 Nb1 48. Rxb1 cxb1=Q 49. Kg3 g5 50. f4 gxf4+ 51. Kxf4 Qe1 52. f3
Kg6 53. h4 Qxh4+ 54. Ke3 Qc4 55. Kf2 Qd3 56. Kg3 Qd2 57. Kh3 Qf2 58. f4 h4 59.
f5+ Kg5 60. fxe6 Qg3# 0-1

[Event "DEM U12/U12w 2014"]
[Site "Magdeburg GER"]
[Date "2014.06.08"]
[Round "2"]
[White "ter Stal, Sven"]
[Black "Ziegenfuß, Larissa"]
[Result "1-0"]
[Termination "normal"]
[Board "28"]
[WhiteElo "1707"]
[BlackElo "1587"]
[PlyCount "111"]
[WhiteFideId "12946443"]
[BlackFideId "12974722"]
[EventCountry "GER"]
[EventRounds "11"]
[EventType "swiss"]
[EventDate "2014.06.07"]

1. e4 d6 2. d4 Nf6 3. Nc3 Nbd7 4. Bc4 e5 5. Nf3 Be7 6. Be3 O-O 7. Qd2 c6 8. h3
b5 9. Bb3 Rb8 10. Qd3 Qc7 11. g4 Nb6 12. Rg1 Bb7 13. Qe2 b4 14. Nb1 Nxe4 15.
dxe5 Nc5 16. Bxc5 dxc5 17. Nbd2 a5 18. a4 Nd5 19. O-O-O Rbd8 20. Nc4 Ba6 21.
Qe4 Nb6 22. Nxa5 Nxa4 23. Rxd8 Bxd8 24. Nxc6 Nb6 25. Nxd8 Rxd8 26. Ng5 c4 27.
Qxh7+ Kf8 28. Qh8+ Ke7 29. Qxg7 Kd7 30. Qxf7+ Kc8 31. Qxc7+ Kxc7 32. Ne6+ Kd7
33. Nxd8 Kxd8 34. Ba2 Nd7 35. Rd1 Ke7 36. Rxd7+ Kxd7 37. c3 b3 38. Bb1 Ke6 39.
f4 Bb7 40. Kd2 Bg2 41. Bf5+ Kf7 42. h4 Bd5 43. Ke3 Bc6 44. Kd4 Bb5 45. Kd5 Kg7
46. e6 Kf6 47. Kd6 Be8 48. Be4 Kg7 49. Bd5 Kf8 50. Bc6 Bxc6 51. Kxc6 Ke7 52. f5
Ke8 53. f6 Kf8 54. Kd7 Kg8 55. e7 Kf7 56. e8=Q+ 1-0

[Event "DEM U12/U12w 2014"]
[Site "Magdeburg GER"]
[Date "2014.06.08"]
[Round "2"]
[White "Staufenberger, Philipp"]
[Black "Leimbach, Tim Vincent"]
[Result "1-0"]
[Termination "normal"]
[Board "29"]
[WhiteElo "1620"]
[BlackElo "1284"]
[PlyCount "125"]
[WhiteFideId "12970883"]
[BlackFideId "12988600"]
[EventCountry "GER"]
[EventRounds "11"]
[EventType "swiss"]
[EventDate "2014.06.07"]

1. d4 d5 2. c4 e6 3. Nc3 Nf6 4. cxd5 Nxd5 5. e4 Nxc3 6. bxc3 Nc6 7. Bb5 a6 8.
Ba4 b5 9. Bc2 Bb7 10. Nf3 Be7 11. O-O O-O 12. Qd3 f5 13. exf5 exf5 14. Qe3 Na5
15. Qe6+ Kh8 16. Ne5 Bd5 17. Qd7 Nc4 18. Qxd8 Raxd8 19. Re1 Bd6 20. f4 Rde8 21.
Bb3 c6 22. Bxc4 Bxc4 23. Bd2 Bd5 24. a4 Bxe5 25. fxe5 Re7 26. c4 Bxc4 27. Bb4
Ree8 28. Bxf8 Rxf8 29. axb5 axb5 30. Kf2 g5 31. Ra6 Bd5 32. Rea1 Kg7 33. Rb1
Rd8 34. Ra7+ Kg6 35. Re1 Be4 36. Rd1 Bd5 37. Rd3 Be4 38. Rd2 Bd5 39. Rc2 Be4
40. Rd2 Bd5 41. Ke3 f4+ 42. Kf2 h5 43. Re2 Kf5 44. Re7 Be6 45. Rd2 Bd5 46. Rc7
Ke6 47. Rh7 h4 48. Rh6+ Kf5 49. Re2 Re8 50. h3 g4 51. Rh5+ Kg6 52. hxg4 Be6 53.
Rxh4 Kg5 54. Rh5+ Kxg4 55. Rh6 Kg5 56. Rf6 Bd5 57. Rc2 Rc8 58. Rd6 Be4 59. Rc5
b4 60. e6+ Kf6 61. Re5 Bd5 62. e7+ Kf7 63. Rd8 1-0

[Event "DEM U12/U12w 2014"]
[Site "Magdeburg GER"]
[Date "2014.06.08"]
[Round "2"]
[White "Du, Jessica"]
[Black "Könze, Heike"]
[Result "0-1"]
[Termination "normal"]
[Board "30"]
[WhiteElo "1241"]
[BlackElo "1503"]
[PlyCount "58"]
[WhiteFideId "12988529"]
[BlackFideId "12964476"]
[EventCountry "GER"]
[EventRounds "11"]
[EventType "swiss"]
[EventDate "2014.06.07"]

1. e4 e6 2. d4 d5 3. exd5 exd5 4. Bd3 Be7 5. Nf3 Bg4 6. h3 Bh5 7. Nc3 Nf6 8.
Bf4 a6 9. O-O O-O 10. Re1 c5 11. dxc5 Bxc5 12. Bg5 Nc6 13. Bxf6 Qxf6 14. Rb1
Rad8 15. Nxd5 Qd6 16. Nc3 Nd4 17. Be4 Qb6 18. Na4 Nxf3+ 19. Qxf3 Bxf3 20. Nxb6
Bxe4 21. Rxe4 Bxb6 22. Re7 Rd2 23. Rxb7 Bxf2+ 24. Kf1 Rxc2 25. Rd1 Re8 26. g4
h6 27. a4 Bc5 28. Re1 Rf2+ 29. Kg1 Rxe1# 0-1

[Event "DEM U12/U12w 2014"]
[Site "Magdeburg GER"]
[Date "2014.06.08"]
[Round "2"]
[White "Fesselier, Chelsea"]
[Black "Kose, Robert Paul"]
[Result "0-1"]
[Termination "normal"]
[Board "31"]
[WhiteElo "1454"]
[BlackElo "1267"]
[PlyCount "92"]
[WhiteFideId "26024624"]
[BlackFideId "12982067"]
[EventCountry "GER"]
[EventRounds "11"]
[EventType "swiss"]
[EventDate "2014.06.07"]

1. e4 e6 2. d4 d5 3. Nd2 c5 4. Ngf3 Nc6 5. c3 Qb6 6. exd5 exd5 7. Nb3 c4 8.
Nbd2 Nf6 9. Be2 Bd6 10. O-O Be6 11. Re1 O-O 12. Bf1 Rfe8 13. b3 cxb3 14. axb3
Re7 15. Bb2 Rae8 16. Qc2 a6 17. Bd3 h6 18. h3 Rc7 19. Qd1 Rce7 20. Nf1 Ne4 21.
N3d2 Nxd2 22. Nxd2 Bf4 23. Nf3 Qc7 24. Qc2 Rc8 25. Qd1 Na5 26. Bc2 Bd6 27. Qd3
g6 28. Nh4 Kf8 29. Qf3 Kg7 30. Qd3 Kf8 31. Qf3 Kg7 32. Bd3 Nxb3 33. Rad1 Bh2+
34. Kh1 Bd6 35. g4 Rce8 36. Ng2 Na5 37. h4 Qd7 38. g5 hxg5 39. hxg5 Rh8+ 40.
Kg1 Kg8 41. Qf6 Bh3 42. Be2 Bxg2 43. Kxg2 Rxe2 44. Qf3 Rxb2 45. Qxd5 Rxf2+ 46.
Kxf2 Bg3+ 0-1

[Event "DEM U12/U12w 2014"]
[Site "Magdeburg GER"]
[Date "2014.06.08"]
[Round "2"]
[White "Petrow, Jonas"]
[Black "Ning, Felix"]
[Result "0-1"]
[Termination "normal"]
[Board "32"]
[WhiteElo "1220"]
[BlackElo "1491"]
[PlyCount "78"]
[WhiteFideId "12991805"]
[BlackFideId "12988553"]
[EventCountry "GER"]
[EventRounds "11"]
[EventType "swiss"]
[EventDate "2014.06.07"]

1. d4 Nf6 2. c4 e6 3. Nc3 d5 4. Bg5 c5 5. e3 Nc6 6. Nf3 h6 7. Bxf6 gxf6 8. dxc5
dxc4 9. Qxd8+ Kxd8 10. Ne4 f5 11. Nd6 Rh7 12. Rd1 Bd7 13. Nxb7+ Kc7 14. Nd6 Rb8
15. Bxc4 Rxb2 16. Bb3 Na5 17. Ne5 Nxb3 18. Nxd7 Bxd6 19. axb3 Be7 20. O-O Rxb3
21. Ne5 f6 22. Nf3 Bxc5 23. Rc1 Kb6 24. Nd2 Rd3 25. Nc4+ Kb5 26. Nb2 Rb3 27.
Nc4 Rc7 28. Nd2 Rb4 29. Nf3 a5 30. Nd4+ Kb6 31. Nxe6 Rc6 32. Nd8 Rc8 33. Nf7 h5
34. Nd6 Rd8 35. Nxf5 a4 36. Rc2 a3 37. Rfc1 Rd5 38. Ng3 Rb2 39. Ne4 Rxc2 0-1

[Event "DEM U12/U12w 2014"]
[Site "Magdeburg GER"]
[Date "2014.06.08"]
[Round "2"]
[White "Kück, Artur"]
[Black "Kurzweil, Naemi"]
[Result "1-0"]
[Termination "normal"]
[Board "33"]
[WhiteElo "1393"]
[BlackElo "1231"]
[PlyCount "131"]
[WhiteFideId "12965120"]
[BlackFideId "12985708"]
[EventCountry "GER"]
[EventRounds "11"]
[EventType "swiss"]
[EventDate "2014.06.07"]

1. d4 d5 2. c4 e6 3. e3 Nf6 4. Nf3 Bb4+ 5. Bd2 Qe7 6. a3 Bxd2+ 7. Nbxd2 Nc6 8.
b4 a6 9. Be2 O-O 10. O-O e5 11. dxe5 Nxe5 12. Nxe5 Qxe5 13. Nf3 Qe7 14. cxd5
Bf5 15. Nd4 Be4 16. Bf3 Bxd5 17. Nf5 Qe5 18. Bxd5 Qxf5 19. Bxb7 Rad8 20. Qf3
Qb5 21. Qc6 Rd6 22. Qxb5 axb5 23. Rac1 Rd7 24. Bc6 Rd6 25. Bxb5 Rc8 26. Rfd1
Rcd8 27. Rxd6 cxd6 28. Ba6 h6 29. Rc8 Re8 30. b5 Kf8 31. Rc1 Ke7 32. Kf1 Ne4
33. Bb7 Nd2+ 34. Ke2 Nb3 35. Rc7+ Ke6 36. Rc3 Na5 37. Bc6 Rc8 38. Bd5+ Kd7 39.
Rxc8 Kxc8 40. Bxf7 Kc7 41. Bd5 Kb6 42. Kd3 Kxb5 43. e4 Ka4 44. f4 Kxa3 45. g4
Kb4 46. h4 Kc5 47. h5 Nc6 48. Bxc6 Kxc6 49. g5 Kd7 50. gxh6 gxh6 51. Kd4 Ke6
52. Kc4 Kf6 53. Kd5 Ke7 54. e5 dxe5 55. Kxe5 Kf7 56. Kf5 Kg7 57. Ke6 Kf8 58.
Kf6 Kg8 59. Kg6 Kf8 60. Kxh6 Kf7 61. Kg5 Kg7 62. f5 Kg8 63. Kf6 Kh8 64. Kf7 Kh7
65. Ke7 Kh6 66. f6 1-0

[Event "DEM U12/U12w 2014"]
[Site "Magdeburg GER"]
[Date "2014.06.08"]
[Round "2"]
[White "Rapp, Lukas"]
[Black "Voß, Henrike"]
[Result "1-0"]
[Termination "normal"]
[Board "34"]
[WhiteElo "1216"]
[BlackElo "1456"]
[PlyCount "67"]
[WhiteFideId "12989320"]
[BlackFideId "12971910"]
[EventCountry "GER"]
[EventRounds "11"]
[EventType "swiss"]
[EventDate "2014.06.07"]

1. d4 Nf6 2. g3 d5 3. Bg2 Bf5 4. e3 e6 5. Ne2 h6 6. O-O Be7 7. c4 c6 8. b3 O-O
9. Ba3 Nbd7 10. Bxe7 Qxe7 11. Nbc3 Rad8 12. Re1 Rfe8 13. Qd2 Bh7 14. Nf4 Nf8
15. e4 dxe4 16. Nxe4 e5 17. Nxf6+ Qxf6 18. dxe5 Rxe5 19. Qb4 Rd7 20. Qa4 a6 21.
Nh3 Ne6 22. f4 Rc5 23. Qb4 Bc2 24. Nf2 Qd4 25. Qb6 Kf8 26. Rac1 Qb2 27. Bh3 Rh5
28. Bg4 Rxh2 29. Kxh2 Nd4 30. Kg2 Rd6 31. Qc7 Kg8 32. Qxd6 Qc3 33. Red1 Qe3 34.
Qxd4 1-0

[Event "DEM U12/U12w 2014"]
[Site "Magdeburg GER"]
[Date "2014.06.08"]
[Round "2"]
[White "Eulitz, Charlotte"]
[Black "Weimert, Miriam"]
[Result "0-1"]
[Termination "normal"]
[Board "35"]
[WhiteElo "1191"]
[BlackElo "1562"]
[PlyCount "46"]
[WhiteFideId "12964654"]
[BlackFideId "12966703"]
[EventCountry "GER"]
[EventRounds "11"]
[EventType "swiss"]
[EventDate "2014.06.07"]

1. e4 e5 2. Nf3 Nf6 3. Nxe5 d6 4. Nf3 Nxe4 5. d4 d5 6. Bd3 Bg4 7. Be3 Bd6 8.
O-O O-O 9. Nc3 Re8 10. Nxd5 Bxh2+ 11. Kxh2 Qxd5 12. c4 Qh5+ 13. Kg1 Nd7 14. Re1
Re6 15. d5 Ree8 16. Bd4 Ng5 17. Be2 Rxe2 18. Qxe2 Nxf3+ 19. gxf3 Bxf3 20. Qe8+
Rxe8 21. Rxe8+ Nf8 22. Rxf8+ Kxf8 23. Bc5+ Kg8 0-1

[Event "DEM U12/U12w 2014"]
[Site "Magdeburg GER"]
[Date "2014.06.08"]
[Round "2"]
[White "Hermanns, Till"]
[Black "Wanschura, David"]
[Result "1/2-1/2"]
[Termination "normal"]
[Board "36"]
[WhiteElo "1449"]
[BlackElo "1220"]
[PlyCount "224"]
[WhiteFideId "12972347"]
[BlackFideId "12982946"]
[EventCountry "GER"]
[EventRounds "11"]
[EventType "swiss"]
[EventDate "2014.06.07"]

1. d4 d5 2. c4 e6 3. Nf3 Nf6 4. Nc3 c5 5. e3 Nc6 6. cxd5 exd5 7. dxc5 Bxc5 8.
Be2 Bf5 9. a3 O-O 10. O-O h6 11. Bd3 Bxd3 12. Qxd3 Re8 13. Rd1 Ne7 14. Nd4 Qd7
15. Qe2 Rad8 16. b4 Bxd4 17. Rxd4 Nf5 18. Rd1 d4 19. Bb2 Qc6 20. Na2 Nh4 21. f3
Rxe3 22. Qf2 Nf5 23. Rac1 Qb6 24. Re1 Rxe1+ 25. Rxe1 Ne3 26. Bc1 Nc4 27. Rd1 d3
28. Qxb6 axb6 29. Bd2 Nxa3 30. Nc1 Nc2 31. Bc3 b5 32. Rxd3 Rxd3 33. Nxd3 Nd5
34. Bd2 Kf8 35. Kf2 Ke7 36. Ke2 Nd4+ 37. Kd1 Nc6 38. Kc2 Kd6 39. Kb2 g5 40. Ka3
f5 41. g3 Nd4 42. Ne1 Kc6 43. h4 Ne6 44. hxg5 Nxg5 45. Kb3 Nf7 46. Nd3 h5 47.
Bc1 Nd6 48. g4 hxg4 49. fxg4 fxg4 50. Ne5+ Kb6 51. Nxg4 Nc8 52. Bd2 Na7 53. Be1
Nc6 54. Bf2+ Kc7 55. Bg3+ Kd7 56. Be1 Ke6 57. Nf2 Ke5 58. Nd3+ Ke4 59. Nc5+ Ke3
60. Nxb7 Nd4+ 61. Kb2 Ke2 62. Nd6 Kxe1 63. Nxb5 Nxb5 64. Kb3 Ndc7 65. Kc4 Kd2
66. Kc5 Kc3 67. Kc6 Kxb4 68. Kd7 Kc5 69. Ke7 Nd5+ 70. Ke6 Kd4 71. Kf5 Nbc7 72.
Kg4 Ne7 73. Kg3 Ke3 74. Kg4 Ke4 75. Kg5 Ncd5 76. Kh6 Kf4 77. Kg7 Kf5 78. Kf8
Ke6 79. Kg7 Nf4 80. Kf8 Nh5 81. Ke8 Nf6+ 82. Kd8 Nfd5 83. Ke8 Nf5 84. Kd8 Ng7
85. Kc8 Kd6 86. Kb7 Ne8 87. Ka6 Kc5 88. Ka5 Nb6 89. Ka6 Nd6 90. Ka5 Nbc4+ 91.
Ka6 Kc6 92. Ka7 Nb5+ 93. Kb8 Nbd6 94. Ka7 Kb5 95. Ka8 Nb6+ 96. Kb8 Kc6 97. Ka7
Kb5 98. Kb8 Nd5 99. Ka7 Kc6 100. Ka6 Nc4 101. Ka7 Nb4 102. Kb8 Nd6 103. Ka7 Kc7
104. Ka8 Nf7 105. Ka7 Nh6 106. Ka8 Ng4 107. Ka7 Nf6 108. Ka8 Nfd5 109. Ka7 Nc3
110. Ka8 Ncd5 111. Ka7 Nc3 112. Ka8 Na4 1/2-1/2

[Event "DEM U12/U12w 2014"]
[Site "Magdeburg GER"]
[Date "2014.06.08"]
[Round "2"]
[White "Weiten, Teresa"]
[Black "Hüls, Maximilian"]
[Result "0-1"]
[Termination "normal"]
[Board "37"]
[WhiteElo "1137"]
[BlackElo "1638"]
[PlyCount "72"]
[WhiteFideId "12971944"]
[BlackFideId "12949698"]
[EventCountry "GER"]
[EventRounds "11"]
[EventType "swiss"]
[EventDate "2014.06.07"]

1. e4 c5 2. d4 cxd4 3. c3 d5 4. exd5 Qxd5 5. cxd4 e6 6. Nc3 Qd8 7. Nf3 Nf6 8.
Be3 Nc6 9. Bd3 Be7 10. O-O O-O 11. Rc1 b6 12. a3 Bb7 13. Bb1 Rc8 14. Qd3 g6 15.
Bh6 Re8 16. Rfd1 Nd5 17. Ne2 Bf6 18. Ng3 Qd7 19. Nh5 Bh8 20. Ng5 f6 21. Nf7
Qxf7 22. Ng3 f5 23. Bc2 Nxd4 24. Ba4 Rxc1 25. Rxc1 Rc8 26. Rxc8+ Bxc8 27. Qc4
Qc7 28. Qxc7 Nxc7 29. Kf1 b5 30. Bd1 Nc6 31. Bb3 Bxb2 32. a4 Nd4 33. Bd1 bxa4
34. Bxa4 Ba6+ 35. Ke1 Bc3+ 36. Kd1 Nd5 0-1

[Event "DEM U12/U12w 2014"]
[Site "Magdeburg GER"]
[Date "2014.06.08"]
[Round "2"]
[White "Reitz, Theresa"]
[Black "Ruppert, Paula"]
[Result "1/2-1/2"]
[Termination "normal"]
[Board "38"]
[WhiteElo "1484"]
[BlackElo "1202"]
[PlyCount "44"]
[WhiteFideId "12971901"]
[BlackFideId "12979996"]
[EventCountry "GER"]
[EventRounds "11"]
[EventType "swiss"]
[EventDate "2014.06.07"]

1. e4 e6 2. d4 d5 3. e5 c5 4. c3 Nc6 5. Nf3 Qb6 6. a3 c4 7. Be2 Bd7 8. Nbd2 Nh6
9. O-O O-O-O 10. Rb1 Na5 11. Re1 Nb3 12. Nf1 Nf5 13. Ng5 Be8 14. Ne3 Ne7 15.
Bh5 g6 16. Be2 h6 17. Nf3 Bg7 18. Bf1 h5 19. Ng5 Bh6 20. Nf3 Bc6 21. Nd2 Rdg8
22. Qf3 Rh7 1/2-1/2

[Event "DEM U12/U12w 2014"]
[Site "Magdeburg GER"]
[Date "2014.06.08"]
[Round "2"]
[White "Fricke, Edna Marlene"]
[Black "Wenzel, Calvin"]
[Result "0-1"]
[Termination "normal"]
[Board "39"]
[WhiteElo "1081"]
[BlackElo "1432"]
[PlyCount "98"]
[WhiteFideId "12988839"]
[BlackFideId "12973920"]
[EventCountry "GER"]
[EventRounds "11"]
[EventType "swiss"]
[EventDate "2014.06.07"]

1. e4 e5 2. Nf3 Nc6 3. Bc4 Bc5 4. c3 Nf6 5. d4 exd4 6. cxd4 Bb4+ 7. Nc3 Nxe4 8.
O-O Bxc3 9. d5 Ne7 10. bxc3 O-O 11. Re1 Nxc3 12. Qd3 Na4 13. Bg5 Re8 14. Qa3
Nb6 15. Bb5 f6 16. Qb3 fxg5 17. d6+ Ned5 18. Rxe8+ Qxe8 19. dxc7 Kh8 20. Rc1 g4
21. Nd2 a6 22. Bc4 Nxc7 23. Qxb6 Qe5 24. Bb3 Ne8 25. Qd8 g3 26. fxg3 g6 27.
Rxc8 Qd4+ 28. Kf1 Qa1+ 29. Ke2 Qe5+ 30. Kd1 Qa1+ 31. Kc2 Rxc8+ 32. Qxc8 Qe5 33.
Bf7 Qf5+ 34. Kd1 Qxf7 35. a3 d6 36. Ke2 Kg7 37. h4 h6 38. Ke3 Qe7+ 39. Kf2 Kf7
40. Kf3 Qf6+ 41. Ke3 Qe6+ 42. Kf3 Qxc8 43. g4 Qc3+ 44. Ke2 Nf6 45. h5 Qc2 46.
hxg6+ Kxg6 47. g3 Ne4 48. Ke3 Nxd2 49. Kf4 Qe4# 0-1

[Event "DEM U12/U12w 2014"]
[Site "Magdeburg GER"]
[Date "2014.06.08"]
[Round "2"]
[White "Bosselmann, Tom Linus"]
[Black "Kukulina, Sonja"]
[Result "1-0"]
[Termination "normal"]
[Board "40"]
[WhiteElo "1430"]
[BlackElo "1162"]
[PlyCount "57"]
[WhiteFideId "12983845"]
[BlackFideId "12977047"]
[EventCountry "GER"]
[EventRounds "11"]
[EventType "swiss"]
[EventDate "2014.06.07"]

1. c4 Nf6 2. Nc3 e6 3. e4 d5 4. cxd5 exd5 5. e5 Nfd7 6. d4 Nb6 7. Nf3 c5 8. Bf4
Nc6 9. Be2 f6 10. O-O Qc7 11. Nb5 Qb8 12. Qd2 Be6 13. exf6 Qd8 14. Nc7+ Kf7 15.
Ng5+ Kxf6 16. Ngxe6 Qd7 17. Bg4 Nc4 18. Bg5+ Kf7 19. Qf4+ Kg8 20. Nd8 Bd6 21.
Qf3 Nxd4 22. Qxd5+ Qe6 23. Ncxe6 Bxh2+ 24. Kxh2 Nf3+ 25. gxf3 Ne3 26. fxe3 h5
27. Nxg7+ Kh7 28. Bf5+ Kxg7 29. Qf7# 1-0

[Event "DEM U12/U12w 2014"]
[Site "Magdeburg GER"]
[Date "2014.06.08"]
[Round "2"]
[White "Arnold, Leander"]
[Black "Berelowitsch, Dana"]
[Result "1-0"]
[Termination "normal"]
[Board "41"]
[WhiteElo "1402"]
[BlackElo "1102"]
[PlyCount "81"]
[WhiteFideId "12990230"]
[BlackFideId "12977144"]
[EventCountry "GER"]
[EventRounds "11"]
[EventType "swiss"]
[EventDate "2014.06.07"]

1. d4 d5 2. Nf3 c5 3. e3 Nf6 4. c3 e6 5. Bd3 Nc6 6. Nbd2 Bd6 7. O-O O-O 8. Qe2
e5 9. dxc5 Bxc5 10. e4 Bg4 11. exd5 Qxd5 12. Ne4 Nxe4 13. Bxe4 Qd7 14. Rd1 Qe6
15. Qc2 g6 16. Rd5 Bd6 17. h3 Bf5 18. Ng5 Qf6 19. Bxf5 gxf5 20. g4 h6 21. Qxf5
Qxf5 22. gxf5 Be7 23. Ne4 Kh7 24. f6 Bd8 25. Be3 Bc7 26. Rd7 Rac8 27. Rad1 Rcd8
28. R1d2 Rc8 29. Kh2 b6 30. f3 Bb8 31. Rg2 Rc7 32. Rg7+ Kh8 33. Rxc7 Bxc7 34.
Bxh6 a5 35. Rg2 Rd8 36. Rg7 Rd7 37. Kg3 Nd8 38. Kh4 Ne6 39. Rg4 a4 40. Bg7+
Nxg7 41. fxg7+ 1-0

[Event "DEM U12/U12w 2014"]
[Site "Magdeburg GER"]
[Date "2014.06.08"]
[Round "2"]
[White "Paulweber, Lara Maria"]
[Black "Leib, Amina"]
[Result "1-0"]
[Termination "normal"]
[Board "42"]
[WhiteElo "1386"]
[BlackElo "1076"]
[PlyCount "37"]
[WhiteFideId "12954411"]
[BlackFideId "12982970"]
[EventCountry "GER"]
[EventRounds "11"]
[EventType "swiss"]
[EventDate "2014.06.07"]

1. e4 e5 2. Nf3 Nc6 3. d4 d6 4. Bb5 exd4 5. Nxd4 Nge7 6. Qf3 Bd7 7. Nxc6 Nxc6
8. Bc4 Qe7 9. Nc3 Nd4 10. Qd3 c5 11. Nd5 Qd8 12. c3 Ne6 13. Qg3 g6 14. e5 Qb8
15. Bf4 Nxf4 16. Qxf4 dxe5 17. Qf6 Rg8 18. Nc7+ Qxc7 19. Bxf7# 1-0

[Event "DEM U12/U12w 2014"]
[Site "Magdeburg GER"]
[Date "2014.06.08"]
[Round "2"]
[White "Bui, Ngoc Han Julia"]
[Black "Svane, Freja"]
[Result "1-0"]
[Termination "normal"]
[Board "43"]
[WhiteElo "1446"]
[BlackElo "1031"]
[PlyCount "47"]
[WhiteFideId "12977055"]
[BlackFideId "12940100"]
[EventCountry "GER"]
[EventRounds "11"]
[EventType "swiss"]
[EventDate "2014.06.07"]

1. e4 e6 2. d4 d5 3. Nd2 Nf6 4. e5 Nfd7 5. Bd3 c5 6. c3 Nc6 7. Ne2 Be7 8. O-O
O-O 9. f4 f6 10. Kh1 a6 11. Nf3 b5 12. Qe1 Bb7 13. Bd2 f5 14. Be3 Rf7 15. Bf2
Nf8 16. dxc5 a5 17. Bxb5 Nd7 18. b4 axb4 19. cxb4 Qc7 20. Ned4 Ba6 21. Bxa6
Rxa6 22. Nxe6 Qb8 23. b5 Ra5 24. bxc6 1-0

[Event "DEM U12/U12w 2014"]
[Site "Magdeburg GER"]
[Date "2014.06.08"]
[Round "2"]
[White "Wolterink, Jule"]
[Black "Wastian, Mareike"]
[Result "0-1"]
[Termination "normal"]
[Board "44"]
[WhiteElo "943"]
[BlackElo "1571"]
[PlyCount "98"]
[WhiteFideId "12981206"]
[BlackFideId "12947423"]
[EventCountry "GER"]
[EventRounds "11"]
[EventType "swiss"]
[EventDate "2014.06.07"]

1. c4 e6 2. Nc3 d5 3. e3 c5 4. d4 Nf6 5. Nf3 a6 6. Be2 dxc4 7. Bxc4 b5 8. Bd3
Nc6 9. Bc2 Qc7 10. O-O Be7 11. dxc5 Bxc5 12. e4 Bb7 13. Bg5 Be7 14. Qe2 h6 15.
Be3 Ng4 16. Rfd1 O-O 17. h3 Nxe3 18. Qxe3 Rfd8 19. e5 Nb4 20. Bd3 Bc5 21. Qe2
Nxd3 22. Rxd3 Rxd3 23. Qxd3 Rd8 24. Qe2 Bxf3 25. Qxf3 Qxe5 26. Ne4 Qxb2 27. Rd1
Rxd1+ 28. Qxd1 Qd4 29. Qf3 Bd6 30. Nxd6 Qxd6 31. Qg3 Qxg3 32. fxg3 Kf8 33. Kf2
Ke7 34. Ke3 Kd6 35. Kd4 f5 36. a3 e5+ 37. Ke3 Kd5 38. h4 g5 39. h5 e4 40. Kd2
Kd4 41. Ke2 a5 42. Kd2 b4 43. axb4 axb4 44. Ke2 e3 45. Kd1 b3 46. Kc1 e2 47.
Kb2 e1=Q 48. Kxb3 Qc3+ 49. Ka4 Qb2 0-1

[Event "DEM U12/U12w 2014"]
[Site "Magdeburg GER"]
[Date "2014.06.08"]
[Round "2"]
[White "Wienhold, Nadine"]
[Black "Reuker, Ronja"]
[Result "0-1"]
[Termination "normal"]
[Board "45"]
[WhiteElo "1342"]
[BlackElo "945"]
[PlyCount "80"]
[WhiteFideId "12964514"]
[BlackFideId "12947172"]
[EventCountry "GER"]
[EventRounds "11"]
[EventType "swiss"]
[EventDate "2014.06.07"]

1. e4 e5 2. Nf3 Nc6 3. Bc4 Nf6 4. d3 Bc5 5. Be3 Bb6 6. c3 d5 7. exd5 Nxd5 8.
Bxb6 Nxb6 9. Bb3 O-O 10. O-O Re8 11. Nbd2 Qxd3 12. Ng5 Re7 13. Bc2 Qd6 14.
Bxh7+ Kh8 15. Bc2 Qh6 16. Nde4 f5 17. Bb3 Qg6 18. Nf7+ Rxf7 19. Bxf7 Qxf7 20.
Ng5 Qg6 21. Nf3 e4 22. Nd4 Bd7 23. a4 f4 24. f3 Bh3 25. Qe2 Nc4 26. Kh1 Be6 27.
Nxc6 bxc6 28. fxe4 Qg5 29. Rf2 Ne3 30. Qf3 Rf8 31. h3 Qh6 32. Re1 Bg4 33. Qxe3
fxe3 34. Rxf8+ Kh7 35. Kh2 Qd6+ 36. g3 Qxf8 37. Rg1 Bd7 38. Rg2 Qf3 39. Kg1
Bxh3 40. Rh2 Qd1# 0-1

[Event "DEM U12/U12w 2014"]
[Site "Magdeburg GER"]
[Date "2014.06.08"]
[Round "2"]
[White "Kemke, Annabelle"]
[Black "Schäfer, Nicolas"]
[Result "0-1"]
[Termination "normal"]
[Board "46"]
[WhiteElo "855"]
[BlackElo "1337"]
[PlyCount "68"]
[WhiteFideId "12991821"]
[BlackFideId "12988901"]
[EventCountry "GER"]
[EventRounds "11"]
[EventType "swiss"]
[EventDate "2014.06.07"]

1. e4 c5 2. Nf3 Nc6 3. d4 cxd4 4. Nxd4 Nf6 5. Nc3 d6 6. Be2 g6 7. O-O Bg7 8.
Be3 O-O 9. Qd2 Bg4 10. f3 Bd7 11. Rad1 a6 12. Bc4 Rc8 13. Nd5 Nxd4 14. Qxd4
Nxd5 15. Qxd5 Be6 16. Qd2 Bxc4 17. Rfe1 Bxa2 18. Ra1 Bxb2 19. Rxa2 Bc3 20. Qc1
Bxe1 21. Qxe1 d5 22. Qa1 f6 23. Qb2 dxe4 24. Ra1 exf3 25. Qb3+ Kg7 26. gxf3 b5
27. Rc1 Qc7 28. Qb4 Qe5 29. Bf4 Qc5+ 30. Kg2 Qxb4 31. c3 Qxf4 32. Ra1 Rxc3 33.
Rxa6 Qxf3+ 34. Kg1 Rc1# 0-1

[Event "DEM U12/U12w 2014"]
[Site "Magdeburg GER"]
[Date "2014.06.08"]
[Round "2"]
[White "Kirsten, Annika"]
[Black "Albert, Eske"]
[Result "1-0"]
[Termination "normal"]
[Board "47"]
[WhiteElo "1323"]
[BlackElo "893"]
[PlyCount "61"]
[WhiteFideId "12961124"]
[BlackFideId "12991813"]
[EventCountry "GER"]
[EventRounds "11"]
[EventType "swiss"]
[EventDate "2014.06.07"]

1. d4 d5 2. Nf3 Nc6 3. e3 Nf6 4. Bd3 Bg4 5. Nbd2 e6 6. O-O Bb4 7. c3 Ba5 8. e4
O-O 9. Re1 Re8 10. a4 Bb6 11. e5 Nd7 12. Nf1 Ne7 13. Ng3 Nf5 14. h3 Bxf3 15.
Qxf3 Nh4 16. Qh5 Nf8 17. Bg5 f6 18. Bxh4 g6 19. Qg4 Nd7 20. Bxg6 hxg6 21. Qxg6+
Kf8 22. Bxf6 Nxf6 23. exf6 Qd7 24. Qh6+ Kg8 25. Re5 Qh7 26. Rg5+ Kh8 27. Qxh7+
Kxh7 28. Re1 Kh6 29. Ree5 Rad8 30. Rg4 Rd6 31. Rh5# 1-0